Antecedentes sobre la industria salitrera. 1925

Furkejuvvon:
Bibliográfalaš dieđut
Searvvušdahkki: Ministerio de Hacienda, Sección salitre (Dahkki)
Materiálatiipa: Girji
Giella:espánnjágiella
Almmustuhtton: Santiago Sociedad Imprenta y Litografía Universo 1925
Preanttus:1a. ed
Fáttát:
Fáddágilkorat: Lasit fáddágilkoriid
Eai fáddágilkorat, Lasit vuosttaš fáddágilkora!

MARC

LEADER 00000nam a2200000 a 4500
001 UCJ5992
003 CL-VaPUC
008 070124e19250000CL |||||||||||||||||spa|d
082 0 4 |a 918.3  |b MIN  |2 21 
110 2 |a Ministerio de Hacienda, Sección salitre  |e author  |9 512071 
245 1 0 |a Antecedentes sobre la industria salitrera. 1925 
250 |a 1a. ed 
300 |a 134 p 
942 |c BK 
945 |d 20070124 00:00:00  |a rinostro 
260 |a Santiago  |b Sociedad Imprenta y Litografía Universo  |c 1925 
500 |a Catorze tablas y gráficos estadísticos sin indizar; para control se han numerado así: 1/14, 2/14, 3/14, etc 
600 0 7 |a BERTRAND, ALEJANDRO  |2 CL-VaPUC  |9 504548 
600 0 7 |a KEMMERER, EDWIN WALKER  |2 CL-VaPUC  |9 512049 
600 0 7 |a HENRIQUEZ, CARLOS  |2 CL-VaPUC  |9 512058 
600 0 7 |a SILVA CORTES, CESAR  |2 CL-VaPUC  |9 512072 
600 0 7 |a RIED, ERNESTO  |2 CL-VaPUC  |9 512073 
600 0 7 |a MISION KEMMERER  |2 CL-VaPUC  |9 512048 
650 7 |a SALITRERAS  |2 CL-VaPUC  |9 375452 
650 0 |a Industria salitrera  |9 440309 
650 7 |a SALITRE SINTETICO  |2 CL-VaPUC  |9 506462 
650 0 |a Costos   |9 261063 
650 0 |a Estadísticas  |9 258644 
650 7 |a MARCA TIPOGRAFICA  |2 CL-VaPUC  |9 506100 
650 0 |a Historia de Chile  |9 265473 
583 |a last modification  |c 20070124 00:00:00  |k Rodrigo Vera 
999 |c 322100  |d 322098 
952 |0 0  |1 0  |4 0  |6 918_300000000000000_MIN_1925  |7 0  |8 X  |9 401016  |a FDOBUD  |b FDOBUD  |d 2019-11-22  |i 1042386  |o 918.3 MIN 1925  |p 1042386  |r 2019-11-22  |w 2019-11-22  |y BK_X  |k BUD